000 00707nam a2200181Ia 4500
008 100920s9999 xx 000 0 und d
082 _b70832
_a910 थ 97
100 _aदेसाई जयश्री.
245 _aशापित सौंदर्यभूमी पूर्वांचल.
260 _bचंद्रकला प्रकाशन, पुणे.
_c1997
300 _a127
_bसाधी
365 _b80
520 _aभू.प्र.
630 _aशापित सौंदर्यभूमी पूर्वांचल.
650 _aभू.प्र.
730 _aशापित सौंदर्यभूमी पूर्वांचल.
942 _cBOOK
999 _c712801
_d712798